[Event "POL-chT U19 Wielkopolskie"]
[Site "Poland"]
[Date "2016.04.03"]
[Round "9.21"]
[White "Kaminski, Antoni"]
[Black "Poltorak, Sebastian"]
[Result "1-0"]
[WhiteElo "1537"]
[BlackElo "1693"]
[PlyCount "133"]
[EventDate "2016.02.13"]
[EventType "team-tourn"]
[EventRounds "9"]
[EventCountry "POL"]
[SourceTitle "EXT 2019"]
[Source "ChessBase"]
[SourceDate "2018.10.10"]
[SourceVersion "1"]
[SourceVersionDate "2018.10.10"]
[SourceQuality "1"]

1. e4 c6 2. Nc3 d5 3. Nf3 Bg4 4. h3 Bxf3 5. Qxf3 e6 6. d3 g6 7. Bd2 Bg7 8. Be2 Ne7 9. g4 Nd7 10. Qg2 d4 11. Nd1 e5 12. 0-0 0-0 13. f4 f6 14. Nf2 c5 15. Nh1 Qc7 16. f5 g5 17. h4 h6 18. Qh3 Kf7 19. hxg5 fxg5 20. Qh5+ Kg8 21. Ng3 Nf6 22. Qh3 Nc6 23. Kg2 Qf7 24. Nh5 Nxh5 25. gxh5 Bf6 26. Bd1 Kh7 27. Kh2 b5 28. b3 Rab8 29. c4 bxc4 30. bxc4 Rb2 31. Rf2 Rg8 32. Qg2 Rb6 33. Bb3 a5 34. Bc1 Qxh5+ 35. Kg1 Qf7 36. Qh3 Kg7 37. Rh2 Rh8 38. Bd1 Qc7 39. Qh5 Ne7 40. Ba4 Qc8 41. Ba3 Qb8 42. Bb5 Qc8 43. Rf1 Kg8 44. Be8 Bg7 45. Qf7+ Kh7 46. f6 Rxf6 47. Rxf6 Qg4+ 48. Rg2 Qd1+ 49. Kh2 Rf8 50. Qxe7 Rxf6 51. Bd7 Qh5+ 52. Bh3 Rf1 53. Qd7 Rf3 54. Qg4 Qf7 55. Bc1 Rf1 56. Bd2 Rf6 57. Bxa5 Rf4 58. Qe2 Rf6 59. Bf5+ Kh8 60. Rg3 Ra6 61. Be1 Qa7 62. Qh5 Rxa2+ 63. Kh3 Qe7 64. Qg6 g4+ 65. Rxg4 Kg8 66. Bh4 Kf8 67. Bxe7+ 1-0

[Event "POL-chT U19 Wielkopolskie"]
[Site "Poland"]
[Date "2016.04.02"]
[Round "6.3"]
[White "Skurniak, Szymon"]
[Black "Kaminski, Antoni"]
[Result "0-1"]
[WhiteElo "1630"]
[BlackElo "1537"]
[PlyCount "122"]
[EventDate "2016.02.13"]
[EventType "team-tourn"]
[EventRounds "9"]
[EventCountry "POL"]
[SourceTitle "EXT 2019"]
[Source "ChessBase"]
[SourceDate "2018.10.10"]
[SourceVersion "1"]
[SourceVersionDate "2018.10.10"]
[SourceQuality "1"]

1. e4 c5 2. Nf3 g6 3. d4 cxd4 4. Nxd4 Nc6 5. Be3 Bg7 6. c4 Nf6 7. Nc3 0-0 8. Be2 d6 9. 0-0 Bd7 10. f3 Qb6 11. Ncb5 a6 12. Nc2 Qd8 13. Nbd4 Nxd4 14. Bxd4 Bc6 15. Qd2 Re8 16. Rac1 Qd7 17. Nb4 Rad8 18. Rc2 e6 19. Rd1 Qe7 20. Qe3 Rd7 21. Rcd2 Rb8 22. c5 d5 23. Be5 Rc8 24. Bd6 Rxd6 25. cxd6 Qxd6 26. Nxc6 Qxc6 27. Kf1 Bf8 28. Qg5 Kg7 29. e5 Nd7 30. h4 Qc5 31. h5 Be7 32. h6+ Kg8 33. Qg3 Nb6 34. b3 Qb4 35. Qf2 Nd7 36. f4 Rc3 37. Rd4 Qa3 38. Ra4 Qb2 39. Bd3 Qxf2+ 40. Kxf2 Nb6 41. Ra5 Bb4 42. Ra4 Nxa4 43. bxa4 Bf8 44. g3 Bxh6 45. Ke3 Bf8 46. Rb1 Ra3 47. Rxb7 Rxa4 48. Rb2 Bc5+ 49. Ke2 Kg7 50. Kf3 Ra3 51. Ke2 a5 52. g4 Bg1 53. Rc2 Bh2 54. Ke3 Bxf4+ 55. Kxf4 Rxd3 56. g5 Rd4+ 57. Kg3 Re4 58. Rc5 a4 59. Ra5 Re3+ 60. Kf4 Ra3 61. Ra8 Rxa2 0-1

[Event "POL-chT U19 Wielkopolskie"]
[Site "Poland"]
[Date "2016.02.13"]
[Round "2.15"]
[White "Kaminski, Antoni"]
[Black "Jedras, Adrianna"]
[Result "1-0"]
[WhiteElo "1537"]
[BlackElo "1277"]
[PlyCount "75"]
[EventDate "2016.02.13"]
[EventType "team-tourn"]
[EventRounds "9"]
[EventCountry "POL"]
[SourceTitle "EXT 2019"]
[Source "ChessBase"]
[SourceDate "2018.10.10"]
[SourceVersion "1"]
[SourceVersionDate "2018.10.10"]
[SourceQuality "1"]

1. e4 e5 2. Nf3 Nc6 3. Bb5 Bc5 4. 0-0 d6 5. h3 Bd7 6. c3 a6 7. Ba4 Nge7 8. Bc2 h6 9. d4 exd4 10. cxd4 Bb6 11. Nc3 0-0 12. a3 Ng6 13. Ne2 Re8 14. Ng3 Nce7 15. Be3 d5 16. e5 c6 17. Nh2 Qc8 18. f4 Nf5 19. Nxf5 Bxf5 20. g4 Bxc2 21. Qxc2 Nh4 22. f5 Bd8 23. Qd2 h5 24. Bg5 hxg4 25. hxg4 Bxg5 26. Qxg5 Qd8 27. Qh5 Rb8 28. Rf2 g5 29. f6 Re6 30. Qh6 Qf8 31. Qxg5+ Ng6 32. Nf3 Qc8 33. Nh4 Kf8 34. Nxg6+ fxg6 35. Qxg6 Qc7 36. Rh2 Qf7 37. Rh8+ Qg8 38. Rxg8# 1-0